Naapurimaaparit, joilla on pisimmät rantaviivat - Statistics

Yleistilastot
  • Tätä visaa on pelattu 493 kertaa
  • Keskiarvotulos 32 / 40
Vastaustilastot
Keskiarvo Valtiot % Oikein
5 Venäjä
98%
6,5 Venäjä
98%
18 Venäjä
98%
2 Yhdysvallat
95%
8 Yhdysvallat
95%
2 Kanada
94%
6,5 Kiina
93%
14 Kiina
93%
16 Kiina
93%
18 Kiina
93%
5 Norja
93%
14 Norja
93%
21 Norja
93%
12 Brasilia
90%
16 Brasilia
90%
18 Brasilia
90%
8 Meksiko
90%
14 Ruotsi
90%
18 Suomi
89%
21 Suomi
89%
15 Chile
87%
15 Argentiina
86%
16 Argentiina
86%
14 Intia
86%
19 Intia
86%
12 Ranska
81%
18,5 Ranska
81%
23 Ranska
81%
23 Espanja
74%
18,5 Italia
65%
18 Vietnam
58%
18 Venezuela
57%
10 Indonesia
56%
16,5 Indonesia
56%
16,5 Malesia
50%
16 Myanmar
50%
19 Myanmar
50%
21,5 Turkki
47%
21,5 Kreikka
45%
10 Papua-Uusi-Guinea
42%
Ehtoja vastaavia visoja ei löytynyt
Tulosjakauma
Jokaisen tuloksen saaneiden osuus
Persentiili vastausten määrän mukaan
Tuloshistoriasi
Et ole pelannut tätä visaa